| 000 | 01586nab a2200265 i 4500 | ||
|---|---|---|---|
| 001 | 768714001 | ||
| 003 | CO-MdFUSB | ||
| 005 | 20240618164810.0 | ||
| 008 | 240618t1991 us ||||| |||| 00| 0 eng d | ||
| 040 |
_bspa _cCO-MdFUSB _dCO-MdFUSB |
||
| 041 | _aeng | ||
| 100 |
_aWatson, David Lowes, _eautor |
||
| 245 |
_aChrist all in all : _bthe recovery of the gospel for North American evangelism _c/ David Lowes Watson |
||
| 520 | _aEl ministerio de evangelización en América del Norte se encuentra en un punto de inculturación inaceptable, tanto en la práctica congregacional como en la reflexión y educación teológicas. Se requiere una corrección radical del rumbo para que el evangelio pueda ser reclamado con un énfasis cristocéntrico en lugar de uno antropocéntrico y eclesiocéntrico. Se sugiere un método hermenéutico para tal enfoque en forma de cuatro preguntas: (1.) ¿Qué es el evangelio? (2.) ¿Cuál es nuestro contexto? (3.) ¿Qué hace que el evangelio sea una buena noticia en este contexto? (4.) ¿Cómo la respuesta contextual al evangelio ilumina aún más sus buenas nuevas? | ||
| 546 | _aTexto en inglés. | ||
| 630 | 0 | _aEcumenismo e humanismo, | |
| 650 | 7 |
_aTeología dogmática _96937 |
|
| 650 | 7 |
_aPsicoanálisis y religión _97187 |
|
| 650 | 7 |
_aCristología _9239 |
|
| 650 | 0 |
_aEvangelización _9362 |
|
| 653 | _aNorteamérica | ||
| 773 | 0 |
_049486 _982783 _d Pasadena _oR2658 _tMissiology: _w(CO-MdFUSB)97 _gVolumen 19, (número 4, 1991) páginas: 443 - 460 _qpágina: 443 |
|
| 942 | _cANA | ||
| 945 | _aCatherine Arias Álvarez - Practicante SENA | ||
| 999 |
_c70275 _d70275 |
||